Flora da Usina São José, Igarassu, Pernambuco: Polygonaceae (Registro n. 331866)
[ somente texto ]
| 000 -LÍDER | |
|---|---|
| fixed length control field | 02773nab a2200241 i 4500 |
| 003 - CÓDIGO MARC DA AGÊNCIA CATALOGADORA | |
| Campo de controle | BR-BrBNA |
| 005 - DATA E HORA DA ÚLTIMA ATUALIZAÇÃO | |
| Campo de controle | 20250603110819.0 |
| 008 - CAMPO DE TAMANHO FIXO | |
| fixed length control field | 250603b2018 bl.qr|p|oa||| 00| 0 por | |
| 040 ## - FONTE DA CATALOGAÇÃO | |
| Agência catalogadora | BR-BrBNA |
| Idioma da catalogação | por |
| 072 ## - CATEGORIA AGRIS | |
| Código AGRIS | F70 |
| 100 ## - ENTRADA PRINCIPAL - NOME PESSOAL | |
| Nome pessoal | Perera, Marily Jullis |
| 100 ## - ENTRADA PRINCIPAL - NOME PESSOAL | |
| Nome pessoal | Alves, Marccus |
| 245 ## - TÍTULO PRINCIPAL | |
| Título principal | Flora da Usina São José, Igarassu, Pernambuco: Polygonaceae |
| 500 ## - NOTA GERAL | |
| Nota geral | Publicação on-line; 36 ref.; 3 illus.; Summaries (En, Pt) |
| 942 ## - ADDED ENTRY ELEMENTS (KOHA) | |
| Koha item type | Analítica |
| 520 ## - NOTA DE RESUMO | |
| Nota de conteúdo | <br/><br/>Resumo<br/><br/>Polygonaceae é representada no Brasil por 95 espécies, das quais 29 são endêmicas. Este trabalho é parte<br/>da série de monografias taxonômicas de famílias encontradas em fragmentos de Mata Atlântica da Usina<br/>São José, localizada no litoral norte do estado de Pernambuco. Dez táxons foram encontrados: Coccoloba<br/>alnifolia, C. declinata, C. laevis, C. latifolia, C. lucidula, C. marginata, C. mollis, C. parimensis, C. rosea e C. striata. <br/>Chave de identificação, descrições, comentários e ilustrações são apresentadas. Coccoloba latifolia<br/>é apresentada aqui como o primeiro registro para a Mata Atlântica e Pernambuco. Embora a área estudada<br/>tenha uma pequena extensão, ela mostra uma grande diversidade para o gênero Coccoloba, uma vez que<br/>cerca de 90% das espécies listadas para o estado de Pernambuco podem ser encontradas, reforçando a sua<br/>importância para a conservação.<br/><br/>Palavras-chave: Coccoloba, Floresta Atlântica, taxonomia.<br/><br/><br/><br/><br/>Abstract<br/><br/>Polygonaceae is represented in Brazil by 95 species, of which 29 are endemic. This work is part of the series<br/>of taxonomic monographs of families found in fragments of Atlantic Forest of Usina São José, located in the<br/>northern coast of the state of Pernambuco. We found ten taxa: Coccoloba alnifolia, C. declinata, C. laevis, C. latifolia, <br/>C. lucidula, C. marginata, C. mollis, C. parimensis, C. rosea and C. striata. An identification<br/>key, descriptions, comments, and illustrations are presented. Coccoloba latifolia is presented here as the first<br/>record for the Atlantic Forest and Pernambuco. Although the studied site has a relative small area, it shows<br/>a great diversity to the genus Coccoloba, since 90% of the species found in the state of Pernambuco can be<br/>found there, reinforcing its importance to conservation.<br/><br/>Key words: Coccoloba, Atlantic Forest, taxonomy. |
| 650 ## - ASSUNTO - THESAGRO | |
| Cabeçalho tópico ou nome geográfico | FLORESTA ATLÂNTICA |
| 650 ## - ASSUNTO - THESAGRO | |
| Cabeçalho tópico ou nome geográfico | TAXONOMIA |
| 650 ## - ASSUNTO - THESAGRO | |
| Cabeçalho tópico ou nome geográfico | POLIGONACEAE |
| 773 0# - ENTRADA ANALÍTICA | |
| Host Biblionumber | 709 |
| Registro do item | 350746 |
| Imprenta | Rio de Janeiro-RJ Jardim Botanico do Rio de Janeiro 1935 |
| Outro identificador | 2025-3371 |
| Título | Rodriguésia (Brazil) |
| ISSN | 0370-6583; 2175-7860 on-line |
| Colação | v. 69(2) p. 465-476; (2018) |
| Número de controle de registro | BR2025003025 |
| 856 ## - ACESSO E ENDEREÇO ELETRÔNICO | |
| Identificador uniforme de recurso - URI | https://www.scielo.br/j/rod/a/TFKCz8wTqS6bGP5fg7msLGv/?format=pdf&lang=pt |
Nenhum exemplar disponível.

BINAGRI